[Event "Turkish Club Cup 2019"]
[Site "Konya"]
[Date "2019.07.17"]
[Round "3"]
[White "Guler, Muhammed Talha"]
[Black "Taskin, Arda"]
[Result "0-1"]
[WhiteElo "1652"]
[BlackElo "1723"]
[Annotator "NA"]
[PlyCount "104"]
[EventDate "2019.07.16"]
[EventType "team-tourn"]
[EventCountry "TUR"]
[SourceTitle "playchess.com"]
[Source "ChessBase"]
[SourceQuality "1"]
[TimeControl "5400+30"]

1. e4 e6 2. d3 d5 3. Nd2 c5 4. Ngf3 Nc6 5. g3 Bd6 6. Bg2 Nge7 7. O-O O-O 8. Re1 f6 9. c3 b6 10. d4 Qc7 11. Qe2 cxd4 12. Nxd4 Nxd4 13. cxd4 Nc6 14. Nb3 Qf7 {[%emt 0:51:00]} 15. Bd2 {[%emt 1:00:30]} Bd7 {[%emt 0:09:30]} 16. exd5 {[%emt 0:17:30]} exd5 {[%emt 0:00:30]} 17. Qf3 {[%emt 0:00:52]} Ne7 {[%emt 0:02:30]} 18. Bf4 {[%emt 0:03:34]} Bb4 {[%emt 0:03:30]} 19. Nd2 {[%emt 0:04:11]} g5 {[%emt 0:05:30]} 20. a3 {[%emt 0:03:06]} Bxd2 {[%emt 0:07:30]} 21. Bxd2 {[%emt 0:00:09]} a5 {[%emt 0:00:30]} 22. b4 {[%emt 0:05:22]} Ra7 {[%emt 0:01:27]} 23. bxa5 {[%emt 0:00:30]} bxa5 {[%emt 0:00:18]} 24. Bf1 {[%emt 0:01:45]} Nf5 {[%emt 0:03:57]} 25. Bc3 {[%emt 0:00:42]} Rc8 {[%emt 0:01:17]} 26. Bh3 {[%emt 0:02:17]} Rac7 {[%emt 0:02:45]} 27. Bxf5 {[%emt 0:00:52]} Rxc3 {[%emt 0:00:13]} 28. Re3 {[%emt 0:00:31]} Rc1+ {[%emt 0:04:31]} 29. Rxc1 {[%emt 0:00:06]} Rxc1+ {[%emt 0:00:18]} 30. Kg2 {[%emt 0:00:10]} Bb5 {[%emt 0:01:49]} 31. h4 {[%emt 0:01:48]} Rc6 {[%emt 0:03:03]} 32. hxg5 {[%emt 0:00:31]} fxg5 {[%emt 0:01:01]} 33. Bxh7+ {[%emt 0:00:37]} Kg7 {[%emt 0:00:58]} 34. Qxf7+ {[%emt 0:00:40]} Kxf7 {[%emt 0:00:04]} 35. Bd3 {[%emt 0:00:45]} Bxd3 {[%emt 0:01:45]} 36. Rxd3 {[%emt 0:00:02]} g4 {[%emt 0:00:12]} 37. Re3 {[%emt 0:01:22]} Rc4 {[%emt 0:00:30]} 38. Rd3 {[%emt 0:00:00]} Kf6 {[%emt 0:00:01]} 39. Kf1 {[%emt 0:00:25]} Kf5 {[%emt 0:00:25]} 40. f3 {[%emt 0:00:58]} gxf3 {[%emt 0:00:30]} 41. Rxf3+ {[%emt 0:00:30]} Ke4 {[%emt 0:00:00]} 42. Rf4+ {[%emt 0:00:15]} Ke3 {[%emt 0:00:28]} 43. Kg2 {[%emt 0:00:16]} Rc2+ {[%emt 0:00:21]} 44. Kh3 {[%emt 0:00:07]} Rd2 {[%emt 0:01:17]} 45. Rf8 {[%emt 0:01:06]} Rxd4 {[%emt 0:01:37]} 46. g4 {[%emt 0:00:19]} Rf4 {[%emt 0:01:45]} 47. Rd8 {[%emt 0:00:33]} d4 {[%emt 0:00:43]} 48. Kg3 {[%emt 0:00:23]} Rf3+ {[%emt 0:01:15]} 49. Kg2 {[%emt 0:00:40]} Rf7 {[%emt 0:00:00]} 50. Kg3 {[%emt 0:00:09]} Re7 {[%emt 0:00:08]} 51. g5 {[%emt 0:00:41]} d3 {[%emt 0:00:08]} 52. g6 {[%emt 0:00:15]} Re6 {[%emt 0:00:29]} 0-1

[Event "Turkish Club Cup 2019"]
[Site "Konya"]
[Date "2019.07.17"]
[Round "3"]
[White "Acar, Ilhami"]
[Black "Coban, Suleyman"]
[Result "1-0"]
[WhiteElo "1636"]
[BlackElo "1667"]
[Annotator "NA"]
[PlyCount "117"]
[EventDate "2019.07.16"]
[EventType "team-tourn"]
[EventCountry "TUR"]
[SourceTitle "playchess.com"]
[Source "ChessBase"]
[SourceQuality "1"]
[TimeControl "5400+30"]

1. e4 {[%emt 0:00:30]} c5 {[%emt 0:00:30]} 2. Nf3 {[%emt 0:00:30]} d6 {[%emt 0:00:30]} 3. d4 {[%emt 0:00:00]} cxd4 {[%emt 0:00:00]} 4. Nxd4 {[%emt 0:00:00]} Nf6 {[%emt 0:00:00]} 5. Nc3 {[%emt 0:00:00]} g6 {[%emt 0:00:00]} 6. Be3 {[%emt 0:00:00]} Bg7 {[%emt 0:01:00]} 7. f3 {[%emt 0:00:30]} O-O {[%emt 0:00:30]} 8. Bc4 {[%emt 0:00:30]} Nc6 {[%emt 0:02:30]} 9. Qd2 {[%emt 0:00:30]} Bd7 {[%emt 0:00:00]} 10. O-O-O {[%emt 0:00:30]} Rc8 {[%emt 0:00:00]} 11. Bb3 {[%emt 0:00:00]} Ne5 {[%emt 0:05:30]} 12. g4 {[%emt 0:02:00]} Nc4 {[%emt 0:01:30]} 13. Bxc4 {[%emt 0:00:30]} Rxc4 {[%emt 0:00:00]} 14. g5 {[%emt 0:06:30]} Nh5 {[%emt 0:03:00]} 15. Qd3 {[%emt 0:07:30]} Rc8 {[%emt 0:02:30]} 16. Kb1 {[%emt 0:02:30]} a6 {[%emt 0:07:30]} 17. Nce2 {[%emt 0:03:30]} Be6 {[%emt 0:22:30]} 18. Nxe6 {[%emt 0:12:30]} fxe6 {[%emt 0:00:30]} 19. f4 {[%emt 0:08:30]} Qc7 {[%emt 0:03:30]} 20. Rhf1 {[%emt 0:07:30]} Qc4 {[%emt 0:02:30]} 21. b3 {[%emt 0:01:30]} Qxd3 {[%emt 0:03:30]} 22. cxd3 {[%emt 0:00:30]} Rc6 {[%emt 0:01:30]} 23. Rc1 {[%emt 0:00:30]} Rfc8 {[%emt 0:02:30]} 24. Rxc6 {[%emt 0:00:30]} Rxc6 {[%emt 0:02:30]} 25. Rc1 {[%emt 0:03:30]} Rxc1+ {[%emt 0:05:30]} 26. Kxc1 {[%emt 0:00:00]} h6 {[%emt 0:01:30]} 27. h4 {[%emt 0:00:00]} hxg5 {[%emt 0:01:30]} 28. hxg5 {[%emt 0:00:30]} Kf7 {[%emt 0:00:30]} 29. d4 {[%emt 0:03:30]} e5 {[%emt 0:01:30]} 30. dxe5 {[%emt 0:03:30]} dxe5 {[%emt 0:00:30]} 31. f5 {[%emt 0:01:30]} gxf5 {[%emt 0:03:30]} 32. exf5 {[%emt 0:00:30]} e6 {[%emt 0:00:30]} 33. f6 {[%emt 0:00:00]} Bf8 {[%emt 0:00:00]} 34. Kd2 {[%emt 0:04:00]} Kg6 {[%emt 0:01:00]} 35. Kd3 {[%emt 0:04:30]} Kf5 {[%emt 0:00:30]} 36. a4 {[%emt 0:01:30]} Nf4+ {[%emt 0:00:30]} 37. Nxf4 {[%emt 0:01:30]} exf4 {[%emt 0:00:30]} 38. Bxf4 {[%emt 0:01:30]} b5 {[%emt 0:07:30]} 39. axb5 {[%emt 0:04:30]} axb5 {[%emt 0:00:00]} 40. Be3 {[%emt 0:00:30]} Bd6 {[%emt 0:01:18]} 41. Kc3 {[%emt 0:01:30]} Kg6 {[%emt 0:03:52]} 42. Kd4 {[%emt 0:03:58]} Kf5 {[%emt 0:00:08]} 43. Bd2 {[%emt 0:02:40]} Bf8 {[%emt 0:00:34]} 44. Kd3 {[%emt 0:04:06]} Bc5 {[%emt 0:05:24]} 45. Be3 {[%emt 0:00:11]} Bb4 {[%emt 0:00:45]} 46. Ke2 {[%emt 0:00:19]} Bd6 {[%emt 0:02:43]} 47. Kf3 {[%emt 0:00:09]} Bf8 {[%emt 0:00:49]} 48. Kg3 {[%emt 0:00:17]} Bd6+ {[%emt 0:01:40]} 49. Kh4 {[%emt 0:00:30]} Kg6 {[%emt 0:00:00]} 50. Kg4 {[%emt 0:00:00]} Bc7 {[%emt 0:00:33]} 51. Bc5 {[%emt 0:00:50]} Ba5 {[%emt 0:01:05]} 52. Kf4 {[%emt 0:04:15]} Bc7+ {[%emt 0:04:44]} 53. Ke4 {[%emt 0:00:05]} Bg3 {[%emt 0:00:14]} 54. Be3 {[%emt 0:00:56]} Bc7 {[%emt 0:01:02]} 55. Bf4 {[%emt 0:00:20]} Bb6 {[%emt 0:00:36]} 56. Bd6 {[%emt 0:00:27]} Bf2 {[%emt 0:01:05]} 57. Ke5 {[%emt 0:01:06]} Kf7 {[%emt 0:01:33]} 58. g6+ {[%emt 0:00:56]} Kxg6 {[%emt 0:00:11]} 59. Kxe6 {[%emt 0:00:00]} 1-0

[Event "Turkish Club Cup 2019"]
[Site "Konya"]
[Date "2019.07.17"]
[Round "3"]
[White "Yenicirak, Gokdeniz Ege"]
[Black "Ozturkler, Baris"]
[Result "1-0"]
[WhiteElo "1636"]
[BlackElo "1966"]
[Annotator "NA"]
[PlyCount "71"]
[EventDate "2019.07.16"]
[EventType "team-tourn"]
[EventCountry "TUR"]
[SourceTitle "playchess.com"]
[Source "ChessBase"]
[SourceQuality "1"]
[TimeControl "5400+30"]

1. e4 {[%emt 0:00:30]} c5 {[%emt 0:00:30]} 2. Nf3 {[%emt 0:00:30]} d6 {[%emt 0:00:30]} 3. d4 {[%emt 0:00:30]} cxd4 {[%emt 0:00:00]} 4. Nxd4 {[%emt 0:00:00]} Nf6 {[%emt 0:00:00]} 5. Nc3 {[%emt 0:00:00]} a6 {[%emt 0:00:00]} 6. Bg5 {[%emt 0:00:00]} e6 {[%emt 0:00:00]} 7. f4 {[%emt 0:00:00]} Qb6 {[%emt 0:00:30]} 8. Qd2 {[%emt 0:03:30]} Qxb2 {[%emt 0:00:00]} 9. Nb3 {[%emt 0:00:30]} Nbd7 {[%emt 0:02:00]} 10. Rd1 {[%emt 0:12:30]} Be7 {[%emt 0:02:30]} 11. Bd3 {[%emt 0:26:30]} h6 {[%emt 0:03:30]} 12. Rb1 {[%emt 0:13:30]} Qa3 {[%emt 0:01:30]} 13. Bxf6 {[%emt 0:03:30]} Bxf6 {[%emt 0:01:30]} 14. O-O {[%emt 0:01:30]} O-O {[%emt 0:03:30]} 15. Ne2 {[%emt 0:11:30]} Qxa2 {[%emt 0:03:30]} 16. e5 {[%emt 0:01:30]} Nxe5 {[%emt 0:02:30]} 17. Ra1 {[%emt 0:06:52]} Nf3+ {[%emt 0:07:30]} 18. gxf3 {[%emt 0:00:02]} Bxa1 {[%emt 0:01:30]} 19. Rxa1 {[%emt 0:00:02]} Qb2 {[%emt 0:02:30]} 20. Nc3 {[%emt 0:00:01]} Bd7 {[%emt 0:03:30]} 21. Ra2 {[%emt 0:00:01]} Qxa2 {[%emt 0:00:30]} 22. Nxa2 {[%emt 0:00:02]} b5 {[%emt 0:00:30]} 23. Qa5 {[%emt 0:01:30]} Rfc8 {[%emt 0:02:30]} 24. Nb4 {[%emt 0:01:19]} d5 {[%emt 0:01:30]} 25. Nxa6 {[%emt 0:02:09]} g6 {[%emt 0:01:30]} 26. Nd4 {[%emt 0:04:25]} Bc6 {[%emt 0:03:30]} 27. Qb6 {[%emt 0:01:03]} Be8 {[%emt 0:00:30]} 28. Qb7 {[%emt 0:04:17]} b4 {[%emt 0:01:30]} 29. Qxb4 {[%emt 0:00:59]} Ra7 {[%emt 0:01:30]} 30. Qb6 {[%emt 0:00:46]} Re7 {[%emt 0:00:30]} 31. Bb5 {[%emt 0:01:31]} Bxb5 {[%emt 0:01:30]} 32. Nxb5 {[%emt 0:00:13]} Kg7 {[%emt 0:00:30]} 33. Nac7 {[%emt 0:00:59]} Rd7 {[%emt 0:00:30]} 34. Qc6 {[%emt 0:01:47]} Rcd8 {[%emt 0:03:30]} 35. Ne8+ {[%emt 0:00:55]} Kf8 {[%emt 0:00:30]} 36. Nf6 {[%emt 0:00:22]} 1-0

[Event "Turkish Club Cup 2019"]
[Site "Konya"]
[Date "2019.07.17"]
[Round "3"]
[White "Yildirim, Yasin"]
[Black "Sevinc, Mesut"]
[Result "1-0"]
[WhiteElo "1619"]
[BlackElo "1703"]
[Annotator "NA"]
[PlyCount "67"]
[EventDate "2019.07.16"]
[EventType "team-tourn"]
[EventCountry "TUR"]
[SourceTitle "playchess.com"]
[Source "ChessBase"]
[SourceQuality "1"]
[TimeControl "5400+30"]

1. d4 {[%emt 0:00:30]} Nf6 {[%emt 0:00:30]} 2. Nc3 {[%emt 0:00:00]} d5 {[%emt 0:00:30]} 3. Bf4 {[%emt 0:00:00]} Bf5 {[%emt 0:00:30]} 4. f3 {[%emt 0:00:00]} e6 {[%emt 0:00:30]} 5. g4 {[%emt 0:01:00]} Bg6 {[%emt 0:00:30]} 6. h4 {[%emt 0:00:30]} h5 {[%emt 0:00:30]} 7. g5 {[%emt 0:00:30]} Nfd7 {[%emt 0:00:30]} 8. e3 {[%emt 0:08:30]} a6 {[%emt 0:00:30]} 9. Bd3 {[%emt 0:01:30]} Bxd3 {[%emt 0:03:30]} 10. Qxd3 {[%emt 0:02:30]} c5 {[%emt 0:00:00]} 11. g6 {[%emt 0:01:30]} f5 {[%emt 0:00:00]} 12. O-O-O {[%emt 0:05:30]} c4 {[%emt 0:04:30]} 13. Qe2 {[%emt 0:03:30]} Bb4 {[%emt 0:00:30]} 14. e4 {[%emt 0:06:30]} fxe4 {[%emt 0:20:30]} 15. fxe4 {[%emt 0:00:30]} Qf6 {[%emt 0:00:30]} 16. Bg5 {[%emt 0:04:30]} Qxg6 {[%emt 0:01:30]} 17. exd5 {[%emt 0:00:30]} Bxc3 {[%emt 0:01:30]} 18. bxc3 {[%emt 0:00:30]} O-O {[%emt 0:01:30]} 19. Qxe6+ {[%emt 0:05:30]} Kh7 {[%emt 0:04:30]} 20. Nh3 {[%emt 0:01:30]} Nf6 {[%emt 0:11:30]} 21. Bxf6 {[%emt 0:02:30]} Rxf6 {[%emt 0:00:30]} 22. Ng5+ {[%emt 0:00:30]} Kh6 {[%emt 0:02:30]} 23. Qg8 {[%emt 0:01:30]} Nd7 {[%emt 0:18:30]} 24. Qxa8 {[%emt 0:00:30]} Rf8 {[%emt 0:02:30]} 25. Qxb7 {[%emt 0:00:30]} Nf6 {[%emt 0:00:30]} 26. Rhf1 {[%emt 0:03:30]} Qe8 {[%emt 0:02:30]} 27. Rde1 {[%emt 0:03:30]} Qa4 {[%emt 0:01:30]} 28. Qb4 {[%emt 0:01:30]} Qxb4 {[%emt 0:06:02]} 29. cxb4 {[%emt 0:00:30]} Rb8 {[%emt 0:00:00]} 30. d6 {[%emt 0:00:30]} c3 {[%emt 0:01:19]} 31. Rxf6+ {[%emt 0:00:30]} gxf6 {[%emt 0:00:30]} 32. d7 {[%emt 0:00:30]} fxg5 {[%emt 0:01:02]} 33. hxg5+ {[%emt 0:00:00]} Kxg5 {[%emt 0:00:26]} 34. Re8 {[%emt 0:00:00]} 1-0

[Event "Turkish Club Cup 2019"]
[Site "Konya"]
[Date "2019.07.17"]
[Round "3"]
[White "Akin, Batikan Aybey"]
[Black "Celik, Musa"]
[Result "1-0"]
[WhiteElo "1610"]
[BlackElo "1773"]
[Annotator "NA"]
[PlyCount "83"]
[EventDate "2019.07.16"]
[EventType "team-tourn"]
[EventCountry "TUR"]
[SourceTitle "playchess.com"]
[Source "ChessBase"]
[SourceQuality "1"]
[TimeControl "5400+30"]

1. c4 {[%emt 0:00:30]} Nf6 {[%emt 0:00:30]} 2. d4 {[%emt 0:00:30]} e6 {[%emt 0:01:30]} 3. Nc3 {[%emt 0:01:30]} d5 {[%emt 0:02:30]} 4. Nf3 {[%emt 0:00:30]} c6 {[%emt 0:03:30]} 5. g3 {[%emt 0:03:30]} Bd6 {[%emt 0:02:30]} 6. Bg2 {[%emt 0:00:30]} Nbd7 {[%emt 0:05:30]} 7. O-O {[%emt 0:03:30]} O-O {[%emt 0:04:30]} 8. e4 {[%emt 0:04:30]} dxe4 {[%emt 0:03:30]} 9. Ng5 {[%emt 0:00:30]} Re8 {[%emt 0:08:30]} 10. Ngxe4 {[%emt 0:01:30]} Nxe4 {[%emt 0:04:30]} 11. Nxe4 {[%emt 0:02:30]} Be7 {[%emt 0:03:30]} 12. Be3 {[%emt 0:03:30]} Nf6 {[%emt 0:08:30]} 13. Qe2 {[%emt 0:13:30]} Qa5 {[%emt 0:04:30]} 14. f4 {[%emt 0:05:30]} Nxe4 {[%emt 0:06:30]} 15. Bxe4 {[%emt 0:00:30]} c5 {[%emt 0:03:30]} 16. Qf2 {[%emt 0:04:30]} cxd4 {[%emt 0:04:30]} 17. Bxd4 {[%emt 0:00:30]} f6 {[%emt 0:09:30]} 18. a3 {[%emt 0:06:30]} Qc7 {[%emt 0:02:32]} 19. Rac1 {[%emt 0:03:30]} Bd7 {[%emt 0:01:43]} 20. b4 {[%emt 0:02:30]} Bc6 {[%emt 0:02:52]} 21. Bb1 {[%emt 0:16:30]} b6 {[%emt 0:03:30]} 22. Rfe1 {[%emt 0:03:30]} Bf8 {[%emt 0:03:15]} 23. Qc2 {[%emt 0:01:30]} f5 {[%emt 0:00:29]} 24. Qf2 {[%emt 0:04:21]} Rad8 {[%emt 0:00:51]} 25. Rc3 {[%emt 0:04:55]} Qd7 {[%emt 0:00:45]} 26. Be3 {[%emt 0:02:54]} Ba8 {[%emt 0:01:36]} 27. h3 {[%emt 0:00:47]} g6 {[%emt 0:01:22]} 28. c5 {[%emt 0:02:56]} Bg7 {[%emt 0:02:00]} 29. Rcc1 {[%emt 0:01:05]} Qd5 {[%emt 0:01:01]} 30. Kh2 {[%emt 0:00:14]} bxc5 {[%emt 0:01:20]} 31. Rxc5 {[%emt 0:03:17]} Qd6 {[%emt 0:00:45]} 32. Bc2 {[%emt 0:01:43]} e5 {[%emt 0:01:53]} 33. Rd1 {[%emt 0:00:39]} Qe7 {[%emt 0:01:18]} 34. Bb3+ {[%emt 0:00:49]} Kh8 {[%emt 0:00:19]} 35. fxe5 {[%emt 0:01:11]} Rxd1 {[%emt 0:00:46]} 36. Bxd1 {[%emt 0:00:04]} Qb7 {[%emt 0:00:00]} 37. Qg1 {[%emt 0:00:28]} Bxe5 {[%emt 0:01:24]} 38. Bd4 {[%emt 0:01:07]} Qe4 {[%emt 0:01:05]} 39. Bxe5+ {[%emt 0:00:48]} Rxe5 {[%emt 0:00:08]} 40. Rc8+ {[%emt 0:00:20]} Re8 {[%emt 0:00:56]} 41. Rxe8+ {[%emt 0:00:17]} Qxe8 {[%emt 0:00:32]} 42. Qd4+ {[%emt 0:00:06]} 1-0

[Event "Turkish Club Cup 2019"]
[Site "Konya"]
[Date "2019.07.17"]
[Round "3"]
[White "Inci, Okan"]
[Black "Celik, Abdullah"]
[Result "1-0"]
[WhiteElo "1609"]
[BlackElo "2054"]
[Annotator "NA"]
[PlyCount "122"]
[EventDate "2019.07.16"]
[EventType "team-tourn"]
[EventCountry "TUR"]
[SourceTitle "playchess.com"]
[Source "ChessBase"]
[SourceQuality "1"]
[TimeControl "5400+30"]

1. Nf3 f5 2. c4 d6 3. d4 e6 4. Nc3 Nf6 5. g3 Be7 6. Bg2 O-O 7. O-O a5 8. Nd2 e5 9. d5 Qe8 10. b3 f4 11. gxf4 exf4 12. Nde4 Qh5 13. f3 Nxe4 14. Nxe4 Bh3 15. Bxh3 Qxh3 16. Rf2 Nd7 17. Bb2 Bf6 18. Bxf6 Nxf6 19. Ng5 Qf5 20. Ne6 Rf7 21. Rg2 h6 22. Qd4 Qe5 23. Rd1 Nh5 24. Qxe5 dxe5 25. Kf2 Re8 26. Nc5 b6 27. Ne4 Nf6 28. Rgg1 Nxe4+ 29. fxe4 Rd8 30. c5 bxc5 31. Rc1 a4 32. Rxc5 axb3 33. axb3 Rdd7 34. Rc6 g5 35. Rxh6 Rg7 36. Re6 Kf7 37. Rxe5 Re7 38. Rxe7+ Kxe7 39. e3 fxe3+ 40. Kxe3 Kf6 41. Kd4 Rh7 42. Rg2 Rh4 43. Rf2+ Ke7 44. Ke5 Rh3 45. Rg2 g4 46. Rxg4 Rxh2 47. Rg7+ Kd8 48. Rg3 Rh5+ 49. Kd4 Kd7 50. Rg7+ Kd8 51. e5 Rh3 52. b4 Rh1 53. Rg4 Rd1+ 54. Kc5 Rc1+ 55. Rc4 Rh1 56. Kc6 Rh6+ 57. e6 Rh1 58. e7+ Kxe7 59. Kxc7 Rh6 60. d6+ Ke6 61. d7 Rh7 1-0

[Event "Turkish Club Cup 2019"]
[Site "Konya"]
[Date "2019.07.17"]
[Round "3"]
[White "Unsal, Omer"]
[Black "Ekici, Caner"]
[Result "1-0"]
[WhiteElo "1586"]
[BlackElo "1650"]
[Annotator "NA"]
[PlyCount "79"]
[EventDate "2019.07.16"]
[EventType "team-tourn"]
[EventCountry "TUR"]
[SourceTitle "playchess.com"]
[Source "ChessBase"]
[SourceQuality "1"]
[TimeControl "5400+30"]

1. e4 {[%emt 0:00:30]} c5 {[%emt 0:00:30]} 2. b3 {[%emt 0:00:30]} Nc6 {[%emt 0:00:00]} 3. Bb2 {[%emt 0:00:00]} e6 {[%emt 0:00:00]} 4. Nc3 {[%emt 0:00:00]} a6 {[%emt 0:00:30]} 5. f4 {[%emt 0:00:30]} b5 {[%emt 0:00:30]} 6. Nf3 {[%emt 0:00:30]} Bb7 {[%emt 0:00:30]} 7. d3 {[%emt 0:02:30]} Qc7 {[%emt 0:00:30]} 8. Qd2 {[%emt 0:00:30]} Nge7 {[%emt 0:04:30]} 9. g3 {[%emt 0:06:30]} d5 {[%emt 0:10:30]} 10. Bg2 {[%emt 0:02:30]} h6 {[%emt 0:12:30]} 11. Ne2 {[%emt 0:22:30]} Rg8 {[%emt 0:16:30]} 12. h4 {[%emt 0:14:30]} g6 {[%emt 0:17:30]} 13. h5 {[%emt 0:01:30]} O-O-O {[%emt 0:06:30]} 14. e5 {[%emt 0:05:30]} d4 {[%emt 0:13:40]} 15. hxg6 {[%emt 0:05:30]} Rxg6 {[%emt 0:00:01]} 16. O-O-O {[%emt 0:03:30]} Nf5 {[%emt 0:01:54]} 17. Nh4 {[%emt 0:00:30]} Nxh4 {[%emt 0:04:19]} 18. Rxh4 {[%emt 0:00:30]} Nb4 {[%emt 0:00:01]} 19. Bxb7+ {[%emt 0:05:30]} Qxb7 {[%emt 0:00:02]} 20. Kb1 {[%emt 0:00:30]} Nd5 {[%emt 0:04:20]} 21. c3 {[%emt 0:05:30]} Ne3 {[%emt 0:03:31]} 22. Rg1 {[%emt 0:00:30]} Nf5 {[%emt 0:00:44]} 23. Rh3 {[%emt 0:01:30]} dxc3 {[%emt 0:00:51]} 24. Bxc3 {[%emt 0:12:31]} Qf3 {[%emt 0:00:54]} 25. d4 {[%emt 0:01:52]} Qe4+ {[%emt 0:00:20]} 26. Ka1 {[%emt 0:00:49]} b4 {[%emt 0:01:05]} 27. Bb2 {[%emt 0:00:23]} a5 {[%emt 0:00:30]} 28. g4 {[%emt 0:01:37]} Nxd4 {[%emt 0:00:40]} 29. Nxd4 {[%emt 0:01:40]} cxd4 {[%emt 0:00:02]} 30. Rc1+ {[%emt 0:01:31]} Kb7 {[%emt 0:00:01]} 31. Rd3 {[%emt 0:00:00]} Rxg4 {[%emt 0:00:23]} 32. Qc2 {[%emt 0:00:54]} Ka6 {[%emt 0:01:38]} 33. Qc4+ {[%emt 0:00:19]} Kb7 {[%emt 0:00:30]} 34. Qc7+ {[%emt 0:00:06]} Ka6 {[%emt 0:00:13]} 35. Rc6+ {[%emt 0:00:14]} Qxc6 {[%emt 0:01:00]} 36. Qxc6+ {[%emt 0:00:30]} Ka7 {[%emt 0:00:00]} 37. Qc7+ {[%emt 0:00:43]} Ka6 {[%emt 0:00:00]} 38. Qxd8 {[%emt 0:00:10]} Rg1+ {[%emt 0:00:14]} 39. Bc1 {[%emt 0:00:30]} Rxc1+ {[%emt 0:00:00]} 40. Kb2 {[%emt 0:00:00]} 1-0

[Event "Turkish Club Cup 2019"]
[Site "Konya"]
[Date "2019.07.17"]
[Round "3"]
[White "Kelemci, Mehmet Gorkem"]
[Black "Sancar, Alperen"]
[Result "0-1"]
[WhiteElo "1565"]
[BlackElo "1479"]
[Annotator "NA"]
[PlyCount "120"]
[EventDate "2019.07.16"]
[EventType "team-tourn"]
[EventCountry "TUR"]
[SourceTitle "playchess.com"]
[Source "ChessBase"]
[SourceQuality "1"]
[TimeControl "5400+30"]

1. e4 c6 2. d4 d5 3. exd5 cxd5 4. c4 Nf6 5. Nf3 Bg4 6. cxd5 Nxd5 7. Qb3 Qc7 8. Nbd2 Bxf3 9. Nxf3 e6 10. Bd2 a6 11. Bc4 Nf6 12. O-O Bd6 13. Bb4 O-O 14. Rac1 Nc6 15. Bc3 b5 16. Bxe6 fxe6 17. Qxe6+ Kh8 18. d5 Nd8 19. Qf5 Qd7 20. Qd3 Bf4 21. Rcd1 Nb7 22. Nh4 Nd6 23. Bb4 a5 24. Bxd6 Bxd6 25. Nf5 Ng4 26. Nxd6 Qxd6 27. Qg3 Qxg3 28. hxg3 Rad8 29. d6 Rf5 30. Rfe1 Nxf2 31. Rf1 Nxd1 32. Rxf5 Nxb2 33. Rxb5 Nc4 34. d7 Kg8 35. Rc5 Nb6 36. Rxa5 Rxd7 37. Rb5 Nd5 38. Kf2 Nc3 39. Rb8+ Kf7 40. a3 Rd2+ 41. Kf3 Rd3+ 42. Kg4 Rd4+ 43. Kf3 h6 44. Rb7+ Kg6 45. Rb6+ Kf5 46. Rb7 g6 47. Rf7+ Ke6 48. Rg7 Kf6 49. Rc7 Rd3+ 50. Kg4 h5+ 51. Kh4 Rd4+ 52. Kh3 Na4 53. Rc6+ Kf5 54. Ra6 Nc3 55. Ra5+ {[%emt 1:56:36]} Rd5 {[%emt 1:55:03]} 56. Ra8 {[%emt 0:00:30]} Rd6 {[%emt 0:00:30]} 57. Rc8 {[%emt 0:00:30]} Ne4 {[%emt 0:00:30]} 58. Rf8+ {[%emt 0:00:30]} Kg5 {[%emt 0:00:30]} 59. Rf3 {[%emt 0:00:25]} Kh6 {[%emt 0:00:42]} 60. Re3 {[%emt 0:00:33]} Nf2+ {[%emt 0:00:12]} 0-1

[Event "Turkish Club Cup 2019"]
[Site "Konya"]
[Date "2019.07.17"]
[Round "3"]
[White "Acar, Eren"]
[Black "Ultanir, Guray"]
[Result "0-1"]
[WhiteElo "1539"]
[BlackElo "1601"]
[Annotator "NA"]
[PlyCount "54"]
[EventDate "2019.07.16"]
[EventType "team-tourn"]
[EventCountry "TUR"]
[SourceTitle "playchess.com"]
[Source "ChessBase"]
[SourceQuality "1"]
[TimeControl "5400+30"]

1. a3 {[%emt 0:00:30]} a6 {[%emt 0:00:30]} 2. e4 {[%emt 0:00:30]} c5 {[%emt 0:00:30]} 3. Nf3 {[%emt 0:00:00]} e6 {[%emt 0:00:30]} 4. d4 {[%emt 0:00:00]} cxd4 {[%emt 0:00:00]} 5. Nxd4 {[%emt 0:00:30]} Qc7 {[%emt 0:01:00]} 6. Nc3 {[%emt 0:00:00]} Nc6 {[%emt 0:00:30]} 7. Nxc6 {[%emt 0:01:00]} bxc6 {[%emt 0:00:30]} 8. Bd3 {[%emt 0:00:30]} Nf6 {[%emt 0:00:30]} 9. O-O {[%emt 0:00:00]} Be7 {[%emt 0:00:30]} 10. f4 {[%emt 0:04:00]} O-O {[%emt 0:03:30]} 11. e5 {[%emt 0:07:30]} Nd5 {[%emt 0:00:30]} 12. Ne4 {[%emt 0:00:30]} f5 {[%emt 0:00:30]} 13. exf6 {[%emt 0:00:30]} Nxf6 {[%emt 0:00:30]} 14. Be3 {[%emt 0:04:30]} Nxe4 {[%emt 0:01:30]} 15. Bxe4 {[%emt 0:00:30]} d5 {[%emt 0:00:30]} 16. Bd3 {[%emt 0:02:30]} e5 {[%emt 0:02:30]} 17. fxe5 {[%emt 0:03:30]} Qxe5 {[%emt 0:01:30]} 18. Rxf8+ {[%emt 0:01:30]} Bxf8 {[%emt 0:00:30]} 19. Qf3 {[%emt 0:00:30]} Bd6 {[%emt 0:00:30]} 20. g3 {[%emt 0:02:30]} Bh3 {[%emt 0:00:30]} 21. c3 {[%emt 0:06:30]} Rf8 {[%emt 0:02:30]} 22. Qe2 {[%emt 0:46:41]} Bg4 {[%emt 0:30:30]} 23. Qd2 {[%emt 0:00:30]} Rf3 {[%emt 0:00:30]} 24. Re1 {[%emt 0:01:39]} Rxg3+ {[%emt 0:03:30]} 25. hxg3 {[%emt 0:00:30]} Qxg3+ {[%emt 0:00:30]} 26. Kf1 {[%emt 0:00:30]} Bh3+ {[%emt 0:00:30]} 27. Ke2 {[%emt 0:00:30]} Qg4+ {[%emt 0:00:30]} 0-1

[Event "Turkish Club Cup 2019"]
[Site "Konya"]
[Date "2019.07.17"]
[Round "3"]
[White "Koc, Azra Ece"]
[Black "Bicaklioglu, Dilara"]
[Result "1-0"]
[WhiteElo "1527"]
[BlackElo "1305"]
[Annotator "NA"]
[PlyCount "112"]
[EventDate "2019.07.16"]
[EventType "team-tourn"]
[EventCountry "TUR"]
[SourceTitle "playchess.com"]
[Source "ChessBase"]
[SourceQuality "1"]
[TimeControl "5400+30"]

1. d4 d5 2. Bf4 Nf6 3. e3 c5 4. c3 Nc6 5. Nd2 Bf5 6. Qb3 Qc8 7. h3 e6 8. Ngf3 Be7 9. Be2 h6 10. Rc1 c4 11. Qd1 b5 12. Ne5 O-O 13. Ng4 b4 14. Nxf6+ Bxf6 15. e4 Bh7 16. f3 a5 17. Qa4 Qb7 18. h4 Rfc8 19. e5 Be7 20. Nf1 Qb6 21. Be3 Na7 22. g4 Nb5 23. Bd2 bxc3 24. bxc3 Ba3 25. Qd1 Bb2 26. g5 hxg5 27. hxg5 Bxc1 28. Qxc1 Nc7 29. Kf2 Qb1 30. Qa3 Nb5 31. Qe7 Qxa2 32. Rxh7 Kxh7 33. Qxf7 Rc7 34. Qh5+ Kg8 35. g6 Rac8 36. Qh7+ Kf8 37. Qh8+ Ke7 38. Qxg7+ Ke8 39. Qg8+ Kd7 40. Qf7+ Kc6 41. Qxe6+ Kb7 42. Qxd5+ Kb8 43. Qxb5+ Rb7 44. Qd5 a4 45. Qd6+ Ka7 46. d5 a3 47. Be3+ Ka8 48. Qa6+ Kb8 49. Nd2 Qb2 50. e6 a2 51. Bf4+ Rbc7 52. e7 a1=Q 53. Bxc7+ Kxc7 54. Qxc8+ Kxc8 55. e8=Q+ Kb7 56. Qc6+ Ka7 1-0